Thermonuclear energy is a future source of energy; Методология проектирования молодежного научно-инновационного пространства как основа подготовки современного инженера
| Parent link: | Методология проектирования молодежного научно-инновационного пространства как основа подготовки современного инженера.— 2014.— [С. 98-102] |
|---|---|
| Autor principal: | |
| Autor corporatiu: | |
| Altres autors: | , , |
| Sumari: | Заглавие с экрана With the development of nuclear physics, the problem of getting energy from nuclear fusion is topical nowadays. Despite all the difficulties in implementation, thermonuclear energy is a highly efficient source. Therefore, this kind of energy can become a base of economical potential of the country. |
| Idioma: | anglès |
| Publicat: |
2014
|
| Col·lecció: | Nuclear technologies as integral part of engineering science in the modern world |
| Matèries: | |
| Accés en línia: | http://earchive.tpu.ru/handle/11683/64985 http://www.lib.tpu.ru/fulltext/c/2014/C07/020.pdf |
| Format: | MixedMaterials Electrònic Capítol de llibre |
| KOHA link: | https://koha.lib.tpu.ru/cgi-bin/koha/opac-detail.pl?biblionumber=607920 |
MARC
| LEADER | 00000naa2a2200000 4500 | ||
|---|---|---|---|
| 001 | 607920 | ||
| 005 | 20260316134829.0 | ||
| 035 | |a (RuTPU)RU\TPU\conf\5326 | ||
| 035 | |a RU\TPU\conf\5325 | ||
| 090 | |a 607920 | ||
| 100 | |a 20140905d2014 k y0rusy50 ba | ||
| 101 | 0 | |a eng | |
| 102 | |a RU | ||
| 135 | |a drgn ---uucaa | ||
| 181 | 0 | |a i | |
| 182 | 0 | |a b | |
| 200 | 1 | |a Thermonuclear energy is a future source of energy |f A. A. Sheveleva, E. V. Lemza, M. A. Doroshenko |g Sci. adv. O. P. Kabrysheva | |
| 203 | |a Текст |c электронный | ||
| 215 | |a 1 файл (449 Кб) | ||
| 225 | 1 | |a Nuclear technologies as integral part of engineering science in the modern world | |
| 300 | |a Заглавие с экрана | ||
| 320 | |a [Библиогр.: с. 102 (7 назв.)] | ||
| 330 | |a With the development of nuclear physics, the problem of getting energy from nuclear fusion is topical nowadays. Despite all the difficulties in implementation, thermonuclear energy is a highly efficient source. Therefore, this kind of energy can become a base of economical potential of the country. | ||
| 337 | |a Adobe Reader | ||
| 463 | 1 | |0 (RuTPU)RU\TPU\conf\3581 |t Методология проектирования молодежного научно-инновационного пространства как основа подготовки современного инженера |l Strategy design of youth science and innovation environment for modern engineer training |o сборник научных трудов Международной молодежной научной школы, г. Томск, 2 - 4 апреля 2014 г. |f Национальный исследовательский Томский политехнический университет (ТПУ) ; под ред. В. В. Верхотуровой и др. |v [С. 98-102] |d 2014 | |
| 610 | 1 | |a электронный ресурс | |
| 610 | 1 | |a труды учёных ТПУ | |
| 610 | 1 | |a источники энергии | |
| 610 | 1 | |a ядерная физика | |
| 610 | 1 | |a ядерный синтез | |
| 610 | 1 | |a термоядерная энергия | |
| 700 | 1 | |a Sheveleva |b A. A. | |
| 701 | 1 | |a Lemza |b E. V. | |
| 701 | 1 | |a Doroshenko |b M. A. | |
| 702 | 1 | |a Kabrysheva |b O. P. |c linguist |c Senior Lecturer of Tomsk Polytechnic University |f 1976- |g Oksana Pavlovna |4 727 |9 16568 | |
| 712 | 0 | 2 | |a Национальный исследовательский Томский политехнический университет (ТПУ) |b Физико-технический институт (ФТИ) |b Кафедра иностранных языков физико-технического института (ИЯФТ) |3 (RuTPU)RU\TPU\col\18736 |
| 801 | 1 | |a RU |b 63413507 |c 20101016 | |
| 801 | 2 | |a RU |b 63413507 |c 20210401 |g RCR | |
| 856 | 4 | |u http://earchive.tpu.ru/handle/11683/64985 | |
| 856 | 4 | |u http://www.lib.tpu.ru/fulltext/c/2014/C07/020.pdf | |
| 942 | |c BK | ||